| 000 | 01101cam a22003257a 4500 | ||
|---|---|---|---|
| 003 | CHAP | ||
| 005 | 20220817041746.0 | ||
| 008 | 971013s1966 r 00010 d | ||
| 010 | _a23541 | ||
| 011 | _a24513 | ||
| 035 | _a28612 | ||
| 040 | _cCHAP | ||
| 082 |
_a634 _bC4 1966 |
||
| 100 | 0 | 0 |
_aChilders, Norman Franklin. _922327 |
| 245 | 0 |
_aNutrition of fruit crops _b: tropical subtropical, temperate, tree and samll fruits |
|
| 250 | _a(2 ed.) | ||
| 260 |
_aNew Brunswik, N.J. : _bRutgers, The State University, _c1966 |
||
| 300 |
_a888 p. _b: ilus |
||
| 590 |
_aBATCH-UPD _b10 _c20130110 _lUCH01 _h2011 |
||
| 590 |
_aBATCH-UPD _b10 _c20130410 _lUCH01 _h1330 |
||
| 590 |
_aBATCH-UPD _b10 _c20130914 _lUCH01 _h0922 |
||
| 590 |
_aCONVERSION _b10 _c20130109 _lUCH01 _h1314 |
||
| 650 | 1 | 4 | _aArboles frutales. |
| 650 | 1 | 4 |
_aPlantas _xNutrición. _988874 |
| 901 | _aBK | ||
| 942 | _cLIBRO | ||
| 949 |
_a634 C4 1966 _bBC _cESP _d-65913 _eLIBRO _h13049 _i28612 _si |
||
| 949 |
_a634 C4 1966 _bBC _cESP _d-65914 _eLIBRO _fc.2 _h30587 _i28612 _si |
||
| 949 |
_a634 C4 1966 _bBC _cESP _d-65915 _eLIBRO _fc.3 _h51673 _i28612 _mD _si |
||
| 999 |
_c23541 _d23541 |
||